| 000 | 01035cam a2200205 4500 | ||
|---|---|---|---|
| 001 | WB3944-11 | ||
| 008 | 031118n2003 000 0 eng u | ||
| 035 | _a(Sirsi) u124360 | ||
| 245 | _aCompetition strong for hot properties | ||
| 260 | _c2003 | ||
| 490 |
_aRICS Press Release _v(pr107) 18 November 2003 (3) |
||
| 520 | _aThe latest "RICS Housing market survey of England and Wales" has shown competitive bidding is returning to the housing market, as fewer houses are available for sale for serious buyers. Prices are rising, especially in the London area and certain types of property remain in demand. The survey is available to download at http://www.rics.org/ricscms/bin/show?class=MarketSurvey&template=/includes/showmarketsurvey.html&id=7 1 http://www.rics.org/ricscms/bin/show?class=PressRelease&template=/includes/showpr.html&id=1059 | ||
| 590 | _aWB | ||
| 650 | _aRICS MARKET SURVEYS | ||
| 650 | _aHOUSING MARKET SURVEYS | ||
| 650 | _aHOUSE PRICES | ||
| 650 | _aHOUSING DEMAND | ||
| 690 | _aHOUSING | ||
| 942 | _n0 | ||
| 999 |
_c73800 _d73800 |
||